5. Personaggi del Seicento dall'immagine - Statistics

Statistiche generali
  • Questo quiz è stato fatto 32 volte
  • Il punteggio medio è 6 su 16
Statistiche sulle risposte
con Immagini Risposta % Corretto
Galileo Galilei
100%
Luigi XIV di Francia
96%
William Shakespeare
85%
Isaac Newton
62%
Cardinale Richelieu
54%
Oliver Cromwell
38%
Artemisia Gentileschi
27%
Miguel de Cervantes
27%
Gian Lorenzo Bernini
23%
Rembrandt van Rijn
23%
Pietro il Grande
19%
Guglielmo III d'Inghilterra
15%
Molière
15%
Gustavo II Adolfo di Svezia
12%
Vittorio Amedeo II di Savoia
12%
Pocahontas
8%
Nessun quiz corrispondente trovato
Distribuzione punteggi
Percentuale di utenti per punteggio
Percentile per numero di risposta
I tuoi punteggi nel tempo
Non hai fatto questo quiz